[Event "HCL-B312"]
[Site "www.playchess.de"]
[Date "2001.04.19"]
[Round "23"]
[White "jensm"]
[Black "BH_Brother"]
[WhiteElo "1500"]
[BlackElo "1200"]
[PlyCount "39"]
[Result "1-0"]

1.e4 c5 2.Nf3 d6 3.d4 cxd4 4.Nxd4 e5 5.Nb3 Qh4 
6.Nc3 Nf6 7.g3 Qg4 8.Qxg4 Bxg4 9.Bg2 Nc6 10.f3 Be6 
11.Be3 d5 {we are moving very quickly!}  12.exd5 
{yes, I think its because, im used to over the 
board chess!this type means pacience(spelled 
correct?!}  Bxd5 13.O-O-O Bxb3 14.axb3 Nb4 15.f4 
e4 16.Nxe4 Nxe4 17.Bxe4 Nc6 18.Bxc6+ bxc6 19.Rhe1 
Be7 20.Bc5 1-0

[Event "HCL-C302"]
[Site "www.playchess.de"]
[Date "2001.04.19"]
[Round "11"]
[White "YoYo"]
[Black "tetram"]
[WhiteElo "1263"]
[BlackElo "1000"]
[PlyCount "65"]
[Result "1-0"]

1.d4 {nouveau? bonne chance...}  d5 2.c4 dxc4 3.e3 
Nc6 4.Bxc4 b6 5.Nf3 Bb7 6.Bb5 a6 7.Ba4 b5 8.Bb3 e6 
9.Nc3 Bb4 10.O-O Nf6 11.a3 Bd6 12.e4 Na5 13.Bc2 
Nc4 14.b3 Nxa3 15.Bxa3 Bxa3 16.Rxa3 b4 17.Ra4 bxc3 
18.e5 Nd5 19.Bd3 Bc6 20.Rxa6 Rxa6 21.Bxa6 Nf4 
22.Qc1 Bb7 23.Bb5+ c6 24.Bxc6+ Bxc6 25.Qxf4 Bxf3 
26.Qxf3 Qxd4 27.Rd1 c2 28.Qa8+ Ke7 29.Qb7+ Ke8 
30.Qc6+ Ke7 31.Rxd4 Ra8 32.Rd7+ Kf8 33.Qxa8+ 
{bonne partie...dommage}  1-0

[Event "HCL-A150"]
[Site "www.playchess.de"]
[Date "2001.04.19"]
[Round "8"]
[White "One_i"]
[Black "mgwili"]
[WhiteElo "1636"]
[BlackElo "1672"]
[PlyCount "47"]
[Result "1/2-1/2"]

1.d4 {Good luck to you from Canada}  Nf6 {hi. i am 
from zimbabwe. 25. m.}  2.Nf3 d5 3.Bf4 e6 4.e3 c5 
5.c3 Qb6 6.Qc2 Nc6 {i have tp gp and sleep. its 
01:27am this side. seeu tommorow}  7.Be2 cxd4 
8.exd4 Be7 9.Nbd2 O-O 10.O-O Bd7 11.Bd3 Rac8 
12.Ne5 Nxd4 13.Nxd7 Nxd7 14.Qb1 Nf5 15.Bxf5 exf5 
16.Qxf5 Nf6 17.Nb3 Bc5 18.Nxc5 Rxc5 19.Be5 Rc6 
20.Bxf6 Rxf6 21.Qxd5 Qxb2 22.Rab1 Qxc3 23.Rxb7 Qa3 
24.Qb3 1/2-1/2

[Event "HCL-C311"]
[Site "www.playchess.de"]
[Date "2001.04.19"]
[Round "2"]
[White "Staroto"]
[Black "janaj"]
[WhiteElo "800"]
[BlackElo "880"]
[PlyCount "55"]
[Result "1-0"]

1.e4 {Hello}  e5 {Hallo, hope we had a good game 
together}  2.Nc3 {I hope so!}  Nc6 3.Bc4 Nf6 4.d3 
Bb4 5.Bg5 d6 6.Nge2 Be6 {Good Morning!}  7.O-O 
{Hi,how are you after Easter?}  O-O {We've still 
Easter...the day to relax from eatings too much 
eggs *smile* (joke)}  8.Kh1 {Believe me, i know 
how you feel!}  a6 {you're sure?}  9.f4 Bc5 
10.fxe5 Nxe5 11.Bxe6 fxe6 12.d4 {O-o-ops...}  Bb6 
{:-((}  13.dxe5 dxe5 14.Qe1 Qe8 15.Qg3 Nh5 16.Qxe5 
c6 17.g4 Nf6 {-}  18.Bxf6 {Are you always 
online?You always answer me in a few minutes!!}  
Qd7 {by fluke we're here always the same 
time*smile*}  19.Rad1 Qc7 20.Qxe6+ Rf7 21.Be5 {Hi 
again!}  Qe7 22.Qxf7+ Qxf7 {smile}  23.Rxf7 Kxf7 
{-}  24.Rd7+ Ke6 25.Rxb7 Bc5 26.Bd4 Be7 27.Nf4+ 
Kd6 28.e5+ 1-0

[Event "HCL-A146"]
[Site "www.playchess.de"]
[Date "2001.04.19"]
[Round "10"]
[White "LUPES"]
[Black "myosotis1984"]
[WhiteElo "1818"]
[BlackElo "1440"]
[PlyCount "63"]
[Result "1-0"]

1.e4 e5 2.Bc4 Nf6 3.Nc3 Bc5 4.Nf3 Nc6 5.d3 h6 
6.O-O O-O 7.Be3 Bb6 8.Nd5 Nxd5 9.exd5 Na5 10.Bxb6 
axb6 11.d6 Nxc4 12.dxc4 Re8 13.Re1 cxd6 14.Qxd6 
Qf6 15.Qxf6 gxf6 16.Nd4 d6 17.Nb5 Rd8 18.Red1 Be6 
19.Nxd6 Kf8 20.Rd2 Ke7 21.Rad1 Rd7 22.a3 Rad8 
23.Ne4 R7xd2 24.Rxd2 Bxc4 25.Rxd8 Kxd8 26.Nxf6 Be6 
27.f3 Bf5 28.c3 Be6 29.g4 Kc7 30.h4 Kd6 31.Kf2 Ke7 
32.Ng8+ 1-0

[Event "HCL-B323"]
[Site "www.playchess.de"]
[Date "2001.04.19"]
[Round "34"]
[White "lonewolf"]
[Black "Quester"]
[WhiteElo "1710"]
[BlackElo "1501"]
[PlyCount "49"]
[Result "1-0"]

1.Nc3 {"Handshake" Good luck!!}  c6 2.e4 d5 3.Nf3 
dxe4 4.Nxe4 Nd7 5.d4 Ngf6 6.Nxf6+ Nxf6 7.c3 Bg4 
8.Be2 e6 9.h3 Bh5 10.Ne5 Bxe2 11.Qxe2 Qc7 12.O-O 
O-O-O 13.Bg5 h6 14.Bh4 Bd6 15.Ng4 Be7 16.Bg3 Qb6 
17.Ne5 Rhf8 18.Nxf7 c5 19.Nxd8 Bxd8 {Loooks like I 
am in trouble :)}  20.dxc5 {Yes you are.}  Qxc5 
21.Qxe6+ Nd7 22.Rad1 Qb5 23.Rd4 Rf6 24.Rc4+ Bc7 
25.Qe8+ 1-0

[Event "HCL-C320"]
[Site "www.playchess.de"]
[Date "2001.04.19"]
[Round "26"]
[White "lsoule"]
[Black "olaf"]
[WhiteElo "1014"]
[BlackElo "1251"]
[PlyCount "74"]
[Result "0-1"]

1.e4 c5 2.Nf3 Nc6 3.d4 e6 4.d5 exd5 5.exd5 Qe7+ 
6.Be2 Nd8 7.O-O Qd6 8.Nc3 Nf6 9.Re1 Be7 10.Bg5 O-O 
11.Bxf6 Bxf6 12.Bd3 a6 13.Qe2 b5 14.Ne4 Qb6 
15.Nxf6+ Qxf6 16.Rad1 d6 17.Qe4 Qh6 18.Ng5 g6 
19.Qf4 Ra7 20.Re3 c4 21.Bxc4 bxc4 22.Rde1 Bf5 
23.R3e8 Rd7 24.Rxf8+ Qxf8 25.Nxh7 Kxh7 26.Qh4+ Qh6 
27.Qxc4 Qd2 28.Qh4+ Kg7 29.f3 Qxc2 30.Re8 Qc5+ 
31.Kf1 Bd3+ 32.Ke1 Qg1+ 33.Kd2 Qxg2+ 34.Kc3 Qc2+ 
35.Kb4 Qxb2+ 36.Ka4 Bc2+ 37.Ka5 
Qb5+ 0-1

[Event "HCL-A160"]
[Site "www.playchess.de"]
[Date "2001.04.19"]
[Round "10"]
[White "runciter"]
[Black "Gorodish"]
[WhiteElo "1572"]
[BlackElo "1862"]
[PlyCount "97"]
[Result "1/2-1/2"]

1.f4 d5 2.c4 dxc4 3.e4 b5 4.a4 c6 5.Nc3 Qb6 6.axb5 
cxb5 7.b3 cxb3 8.Qxb3 Bd7 9.Bxb5 Bxb5 10.Qxb5+ 
Qxb5 11.Nxb5 Kd8 12.Rxa7 Rxa7 13.Nxa7 e6 14.d4 
Bb4+ 15.Bd2 Bxd2+ 16.Kxd2 Ne7 17.Nf3 Nec6 18.Nxc6+ 
Nxc6 19.Ng5 Ke7 20.d5 Rd8 21.Ke2 h6 22.Nxf7 Kxf7 
23.dxc6 Rc8 24.Rc1 Ke7 25.e5 Kd8 26.g4 Kc7 27.f5 
Re8 28.f6 gxf6 29.exf6 Rf8 30.Rf1 Kxc6 31.h4 Kd7 
32.g5 Ke8 33.Ke3 Kf7 34.Kf4 Rg8 35.Rg1 Rg6 36.h5 
Rg8 37.Rg4 e5+ 38.Kf5 hxg5 39.Rxg5 Rxg5+ 40.Kxg5 
e4 41.Kf4 e3 42.Kxe3 Kxf6 43.Kf4 Kg7 44.Kg5 Kh7 
45.h6 Kh8 46.Kg6 Kg8 47.h7+ Kh8 48.Kf5 Kxh7 
49.Kf6 1/2-1/2

[Event "HCL-A160"]
[Site "www.playchess.de"]
[Date "2001.04.19"]
[Round "15"]
[White "Gorodish"]
[Black "LUCIANO"]
[WhiteElo "1862"]
[BlackElo "1308"]
[PlyCount "51"]
[Result "1/2-1/2"]

1.Nc3 g6 2.e4 Bg7 3.d4 d6 4.f4 e6 5.Nf3 Nf6 6.Be2 
O-O 7.O-O b6 8.e5 dxe5 9.dxe5 Nfd7 10.Be3 Bb7 
11.Qe1 Na6 12.a3 Nac5 13.Rd1 Ne4 14.Nxe4 Bxe4 
15.Qc3 Qc8 16.Ng5 Bb7 17.Bf3 c5 18.Rd6 Rd8 19.Rfd1 
Bxf3 20.Nxf3 Bf8 21.R6d3 Be7 22.Qd2 Nf8 23.Rxd8 
Qxd8 24.Qxd8 Rxd8 25.Rxd8 Bxd8 
26.Nd2 1/2-1/2

[Event "HCL-A051"]
[Site "www.playchess.de"]
[Date "2001.04.19"]
[Round "6"]
[White "teenspirit"]
[Black "Felix"]
[WhiteElo "1773"]
[BlackElo "1597"]
[PlyCount "48"]
[Result "0-1"]

1.Nf3 Nf6 2.d4 e6 3.c4 d5 4.Nc3 Nbd7 5.Bg5 c6 6.e3 
Qa5 7.Nd2 Bb4 8.Qc2 O-O 9.Bxf6 Nxf6 10.Bd3 Re8 
11.f4 Bf8 12.O-O-O Bd7 13.g4 g6 14.Rdg1 c5 15.h4 
Qc7 16.h5 dxc4 17.Nxc4 Bc6 18.hxg6 fxg6 19.d5 Nxd5 
20.Ne5 Nxc3 21.Nxc6 Nxa2+ 22.Kb1 bxc6 23.Kxa2 Rab8 
24.f5 Bg7 0-1

[Event "HCL-A038"]
[Site "www.playchess.de"]
[Date "2001.04.19"]
[Round "6"]
[White "Felix"]
[Black "klypp"]
[WhiteElo "1518"]
[BlackElo "1700"]
[PlyCount "60"]
[Result "0-1"]

1.d4 Nf6 2.c4 e6 3.Nc3 Bb4 4.e3 O-O 5.Bd3 d5 6.Nf3 
b6 7.O-O Bb7 8.cxd5 exd5 9.a3 Bd6 10.b4 a6 11.Qb3 
Qe7 12.b5 axb5 13.Nxb5 Nbd7 14.a4 c5 15.Ba3 Bc6 
16.dxc5 bxc5 17.Qc2 Bxb5 18.Bxb5 Ne5 19.Nxe5 Qxe5 
20.g3 Rfc8 21.Rfd1 Qe6 22.Bd3 Rcb8 23.Bb2 h5 
24.Bf1 h4 25.Bxf6 Qxf6 26.Rxd5 Qxa1 27.Rxd6 hxg3 
28.hxg3 Rbc8 29.Kg2 Qxa4 30.Rd5 
Qxc2 0-1

[Event "HCL-A038"]
[Site "www.playchess.de"]
[Date "2001.04.19"]
[Round "9"]
[White "teenspirit"]
[Black "Felix"]
[WhiteElo "1816"]
[BlackElo "1518"]
[PlyCount "82"]
[Result "0-1"]

1.d4 Nf6 2.Nf3 g6 3.Bf4 Bg7 4.Nbd2 O-O 5.e4 d6 
6.h3 c5 7.c3 b6 8.Bc4 Bb7 9.Qe2 d5 10.exd5 Nxd5 
11.Be5 Nd7 12.O-O-O Nxe5 13.dxe5 Qc8 14.g3 a6 
15.Ne4 Nc7 16.h4 h5 17.Rhe1 b5 18.Bb3 c4 19.Bc2 
Nd5 20.Neg5 b4 21.e6 bxc3 22.exf7+ Rxf7 23.Rxd5 
cxb2+ 24.Kb1 Bxd5 25.Nxf7 Bxf7 26.Qxe7 c3 27.Ng5 
Bd5 28.Rd1 Qc6 29.Re1 Qc4 30.Qa3 Bf8 31.Qa4 Qxa4 
32.Bxa4 Rc8 33.Bc2 Kg7 34.Ne6+ Kf6 35.Nxf8 Rxf8 
36.Re3 Rc8 37.f4 Be6 38.Be4 Bf5 39.Bxf5 Kxf5 
40.Kc2 Kg4 41.Rd3 Rb8 0-1

[Event "HCL-A038"]
[Site "www.playchess.de"]
[Date "2001.04.19"]
[Round "10"]
[White "klypp"]
[Black "teenspirit"]
[WhiteElo "1700"]
[BlackElo "1816"]
[PlyCount "59"]
[Result "1/2-1/2"]

1.e4 Nc6 2.Nf3 f5 3.Nc3 fxe4 4.Nxe4 d5 5.Ng3 e5 
6.Bb5 Bg4 7.h3 Bxf3 8.Qxf3 Nf6 9.O-O Bd6 10.Nh5 e4 
11.Nxf6+ Qxf6 12.Qh5+ Qf7 13.Qxf7+ Kxf7 14.f3 exf3 
15.Rxf3+ Ke6 16.Bxc6 bxc6 17.d3 Rhf8 18.Rxf8 Rxf8 
19.Be3 c5 20.Re1 Kd7 21.a4 Kc6 22.b3 a6 23.Bd2 Kd7 
24.g4 Rf3 25.Re3 Rxe3 26.Bxe3 Ke6 27.c4 c6 28.Kf2 
g6 29.Kf3 Kf6 30.Bf2 1/2-1/2

[Event "HCL-A038"]
[Site "www.playchess.de"]
[Date "2001.04.19"]
[Round "19"]
[White "klypp"]
[Black "Dany"]
[WhiteElo "1700"]
[BlackElo "1700"]
[PlyCount "23"]
[Result "1-0"]

1.e4 d6 2.d4 Nf6 3.Nc3 g6 4.f4 Bg7 5.Nf3 O-O 6.Be3 
Bg4 7.h3 Bxf3 8.Qxf3 Nbd7 9.g4 c5 10.O-O-O Qa5 
11.e5 dxe5 12.dxe5 1-0

[Event "HCL-A038"]
[Site "www.playchess.de"]
[Date "2001.04.19"]
[Round "24"]
[White "Felix"]
[Black "Mr_Arnaud"]
[WhiteElo "1518"]
[BlackElo "1700"]
[PlyCount "32"]
[Result "1/2-1/2"]

1.d4 d5 2.c4 c6 3.Nf3 Nf6 4.Nc3 e6 5.Bg5 Nbd7 6.e3 
Qa5 7.cxd5 Nxd5 8.Qd2 N7b6 9.Nxd5 Qxd2+ 10.Nxd2 
exd5 11.Bd3 Bb4 12.a3 Bd6 13.O-O O-O 14.b4 h5 
15.Rfb1 Bd7 16.Nb3 Na4 1/2-1/2

[Event "HCL-A038"]
[Site "www.playchess.de"]
[Date "2001.04.19"]
[Round "25"]
[White "Mr_Arnaud"]
[Black "klypp"]
[WhiteElo "1700"]
[BlackElo "1700"]
[PlyCount "34"]
[Result "0-1"]

1.d4 Nf6 2.c4 e6 3.a3 c5 4.e3 d5 5.Nf3 Nc6 6.Nc3 
cxd4 7.exd4 Be7 8.Be3 O-O 9.Rc1 a6 10.Qd2 Na5 
11.cxd5 Nb3 12.Qc2 Nxc1 13.dxe6 Bxe6 14.Qxc1 Rc8 
15.Bd3 Qc7 16.O-O Bxa3 17.bxa3 
Qxc3 0-1

[Event "HCL-A038"]
[Site "www.playchess.de"]
[Date "2001.04.19"]
[Round "32"]
[White "klypp"]
[Black "DKCozy"]
[WhiteElo "1700"]
[BlackElo "1772"]
[PlyCount "27"]
[Result "1-0"]

1.e4 e6 2.d4 b6 3.Bd3 Bb7 4.Nf3 d6 5.O-O Nd7 6.Nc3 
Ne7 7.e5 Ng6 8.Re1 Be7 9.exd6 Bxd6 10.Bg5 Nf6 
11.d5 O-O 12.dxe6 h6 13.exf7+ Kh8 
14.Bxg6 1-0

[Event "HCL-A061"]
[Site "www.playchess.de"]
[Date "2001.04.20"]
[Round "27"]
[White "StuartThomson"]
[Black "gelus"]
[WhiteElo "1700"]
[BlackElo "1700"]
[PlyCount "64"]
[Result "0-1"]

1.d4 Nf6 2.c4 e6 3.Nf3 d5 4.Bg5 c6 5.e3 Nbd7 
6.Nbd2 Qa5 7.Be2 dxc4 8.Bxc4 Bd6 9.O-O h6 10.Bxf6 
Nxf6 11.e4 Bc7 12.Qc2 O-O 13.Nb3 Qh5 14.e5 Nd5 
15.Qe4 f5 16.Qh4 Qxh4 17.Nxh4 g5 18.Nf3 Rd8 19.h4 
g4 20.Nfd2 a5 21.a4 Nb4 22.Rac1 Bb6 23.Nc5 Bxc5 
24.dxc5 Rxd2 25.Rcd1 Rxb2 26.Rd8+ Kf7 27.Rfd1 Nd5 
28.Bxd5 cxd5 29.Rc1 Rb4 30.c6 bxc6 31.Rxc6 Rc4 
32.Rcd6 Ra6 0-1

[Event "HCL-E018"]
[Site "www.playchess.de"]
[Date "2001.04.20"]
[Round "4"]
[White "Brrrr"]
[Black "Goofy"]
[WhiteElo "1806"]
[BlackElo "2122"]
[PlyCount "92"]
[Result "0-1"]

1.d4 Nf6 2.c4 c5 3.d5 e6 4.Nc3 exd5 5.cxd5 d6 6.e4 
g6 7.Nf3 Bg7 8.Be2 O-O 9.O-O b6 10.Qc2 Ba6 11.Re1 
Bxe2 12.Rxe2 a6 13.Bf4 Re8 14.Rae1 Nh5 15.Bc1 Nd7 
16.Bg5 f6 17.Be3 Ne5 18.Nxe5 fxe5 19.Rc1 Nf4 
20.Rd2 b5 21.a3 c4 22.a4 Qd7 23.b3 Rac8 24.axb5 
axb5 25.Qd1 b4 26.Na4 c3 27.Ra2 Qb5 28.Nb6 Rc7 
29.Nc4 Rxc4 30.bxc4 Qxc4 31.Qa4 Rb8 32.Bxf4 exf4 
33.Re1 Bd4 34.Rc2 Qd3 35.Qb3 f3 36.g4 Bc5 37.Ra2 
Re8 38.h3 Rxe4 39.Rxe4 Qxe4 40.Qd1 b3 41.Qxb3 Qe1+ 
42.Kh2 Bxf2 43.Qb8+ {I'm not resigning just yet, 
Erik, but I do want to thank you for a very nice 
game.}  Kg7 {we will always have nice games ! 
;-))}  44.Qc7+ Kh6 45.g5+ Kxg5 46.Qd8+ 
Kh5 0-1

[Event "HCL-E019"]
[Site "www.playchess.de"]
[Date "2001.04.20"]
[Round "10"]
[White "Habich64"]
[Black "syazwana"]
[WhiteElo "2000"]
[BlackElo "2100"]
[PlyCount "38"]
[Result "0-1"]

1.d4 Nf6 2.c4 g6 3.Nc3 Bg7 4.e4 d6 5.Be2 O-O 6.Bg5 
{Welcome back!}  h6 {thanks}  7.Be3 e5 {gl}  8.d5 
Nbd7 {hi again}  9.Qd2 {What country are you 
from?}  Kh7 {Brunei}  10.h4 Ng8 11.g4 Nb6 12.O-O-O 
{Didn't Brunei recently have governmental 
elections. I heard on radio that the government is 
changing}  f5 {its not true !}  13.gxf5 {lots of 
chess there?}  gxf5 {sorry}  14.f3 f4 {gl}  15.Bf2 
a5 {yes of course}  16.Bf1 Nd7 {gl}  17.Bh3 Ngf6 
{good day !!!!}  18.Bf5+ Kh8 {suprise  !!!}  
19.Nh3 Nc5 {gl}  0-1

[Event "HCL-B148"]
[Site "www.playchess.de"]
[Date "2001.04.20"]
[Round "10"]
[White "msmsk"]
[Black "ignomonius"]
[WhiteElo "1566"]
[BlackElo "1500"]
[PlyCount "45"]
[Result "1-0"]

1.b4 f5 2.Bb2 e6 3.e3 Nf6 4.Nf3 d5 5.b5 c6 6.a4 
Nbd7 7.c4 Bb4 8.Be2 O-O 9.O-O Bd6 10.d4 Ne4 
11.Nbd2 Qe8 12.Rc1 Ndf6 13.a5 Kh8 14.Nxe4 Nxe4 
15.Ne5 Bxe5 16.dxe5 Bd7 17.f3 Ng5 18.Ba3 Rg8 19.a6 
b6 20.cxd5 cxd5 21.Qb3 Nf7 22.Bb2 Rc8 
23.e4 1-0

[Event "HCL-B148"]
[Site "www.playchess.de"]
[Date "2001.04.20"]
[Round "15"]
[White "ignomonius"]
[Black "BorEl"]
[WhiteElo "1500"]
[BlackElo "1490"]
[PlyCount "48"]
[Result "0-1"]

1.e4 c6 2.d4 d5 3.exd5 cxd5 4.c4 Nf6 5.c5 e5 6.Nc3 
exd4 7.Qxd4 Nc6 8.Bb5 Be7 9.Nge2 O-O 10.Bxc6 bxc6 
11.b4 a5 12.b5 cxb5 13.Nxb5 Ne4 14.O-O Bf6 15.Qe3 
{Ooops I missed that!  Good move!}  Bxa1 {only 
mistake...}  16.Nd6 {Yes, but I shouldn't bee 
making those kind's of mistakes.}  Nxd6 17.cxd6 
Re8 18.Qd3 Ba6 19.Qxd5 Re5 20.Qd2 Rxe2 21.Qf4 Be5 
22.Qg4 Qxd6 23.Qf3 Bxh2+ 24.Kh1 
Rae8 0-1

[Event "HCL-B148"]
[Site "www.playchess.de"]
[Date "2001.04.20"]
[Round "21"]
[White "BorEl"]
[Black "Hawk"]
[WhiteElo "1490"]
[BlackElo "1200"]
[PlyCount "36"]
[Result "0-1"]

1.e4 g6 2.d4 Bg7 3.f4 e6 4.Nf3 d5 5.e5 Ne7 6.Bd3 
O-O 7.Be3 b6 8.Nbd2 Ba6 9.Bxa6 Nxa6 10.c3 c5 
11.O-O cxd4 12.Nxd4 Qd7 13.Qg4 Rac8 14.Bf2 Nb8 
15.Rfe1 Nbc6 16.N2f3 Nxd4 17.Nxd4 Nc6 18.Re2 Nxd4 
{A little bit later, ok?}  0-1

[Event "HCL-B151"]
[Site "www.playchess.de"]
[Date "2001.04.20"]
[Round "20"]
[White "Gruhni"]
[Black "Juice"]
[WhiteElo "1376"]
[BlackElo "1543"]
[PlyCount "100"]
[Result "0-1"]

1.e4 e5 {Hello}  2.Bc4 {Hello from Germany!}  Nf6 
{How are you doing?}  3.d3 {I'm fine, thanks, and 
you?}  Bb4+ {Doing good... glad this site is up 
again.  :-)}  4.c3 {Yeah :-)}  Ba5 {Took quite a 
while...}  5.Nf3 d6 6.O-O a6 7.b4 Bb6 8.Bg5 O-O 
9.Nbd2 Nbd7 10.a4 Qe8 11.Bxf6 Nxf6 12.h3 Be6 13.b5 
axb5 14.axb5 Rxa1 15.Qxa1 Bxc4 16.dxc4 Nd7 17.Nb3 
f5 18.Nfd2 f4 19.Qd1 Rf6 20.Kh2 h5 21.g3 g5 22.g4 
hxg4 23.hxg4 Qe6 24.f3 Nf8 25.Rh1 Ng6 26.Kg2 Nh4+ 
27.Kf1 Rf8 28.Ke2 Ra8 29.Qc2 Ng2 30.Ra1 Rxa1 
31.Nxa1 Ne3 32.Qa4 Kg7 33.Nc2 Nxg4 34.fxg4 Qxg4+ 
35.Ke1 Qg1+ 36.Ke2 g4 37.Qa1 f3+ 38.Kd3 Qg2 39.Qf1 
Qxf1+ 40.Nxf1 Kg6 41.Nce3 Kg5 42.Nd5 Bf2 43.Nxc7 
g3 44.Nd2 Kg4 45.Nd5 g2 46.Nf6+ Kg3 47.Nh5+ Kh4 
48.Nxf3+ Kxh5 49.c5 Bxc5 50.Kc4 
Kg4 0-1

[Event "HCL-C166"]
[Site "www.playchess.de"]
[Date "2001.04.20"]
[Round "3"]
[White "esad"]
[Black "Pocman"]
[WhiteElo "1000"]
[BlackElo "1600"]
[PlyCount "82"]
[Result "0-1"]

1.e4 c5 2.c3 d5 3.exd5 Qxd5 4.d4 Nf6 5.Nf3 Bg4 
6.h3 Bxf3 7.Qxf3 Qxf3 8.gxf3 cxd4 9.cxd4 e6 10.Bg2 
Nbd7 11.f4 O-O-O 12.O-O Bd6 13.Nc3 Nh5 14.Nb5 Nb6 
15.Be3 Bxf4 16.Bxf4 Nxf4 17.Nxa7+ Kb8 18.Nb5 Ne2+ 
19.Kh2 Nxd4 20.Nc3 Nc6 21.a4 Rd3 22.a5 Nc4 23.Bxc6 
bxc6 24.a6 Ka7 25.Na4 Rd2 26.b3 Ne3 27.Rfc1 Rxf2+ 
28.Kg3 Rc2 29.Kf3 Rxc1 30.Rxc1 Nf5 31.Ke4 Rc8 
32.Nc5 Rd8 33.Rc3 Rd4+ 34.Ke5 Rd5+ 35.Ke4 Nd4 
36.Nd3 f5+ 37.Ke3 g5 38.Nb4 Rd6 39.Rd3 e5 40.Rc3 
h5 41.Nd3 e4 0-1

[Event "HCL-C162"]
[Site "www.playchess.de"]
[Date "2001.04.20"]
[Round "11"]
[White "Translightor"]
[Black "mcfiskal"]
[WhiteElo "1401"]
[BlackElo "1000"]
[PlyCount "59"]
[Result "1-0"]

1.e4 {Willkommen bei freechess, viel Spaß und viel 
erfolg!}  e5 2.Nf3 Nc6 3.Bb5 a6 4.Ba4 Nf6 5.O-O 
Be7 6.Re1 b5 7.Bb3 d6 8.c3 Bg4 9.h3 Bh5 10.d3 O-O 
11.Nbd2 Re8 12.Nf1 Na5 13.Bc2 c6 14.a4 Qc7 15.Ne3 
Rad8 16.b4 Nb7 17.axb5 axb5 18.Nf5 d5 19.Nxe7+ 
Rxe7 20.exd5 cxd5 21.g4 Bg6 22.Bb2 h6 23.Qe2 Rde8 
24.Ra3 e4 25.dxe4 dxe4 26.Nd4 e3 27.f3 Qg3+ 28.Kh1 
Bxc2 29.Nxc2 Qxh3+ 30.Kg1 1-0

[Event "ACL-A087"]
[Site "www.playchess.de"]
[Date "2001.04.20"]
[Round "2"]
[White "Fiver"]
[Black "Joachim"]
[WhiteElo "1500"]
[BlackElo "1500"]
[PlyCount "67"]
[Result "1-0"]

1.d4 Nf6 2.c4 e6 3.Nc3 Bb4 4.e3 c5 5.Nge2 cxd4 
6.exd4 {I shall be away from later today until 
Sunday afternoon so will probably not play again 
until Monday}  d5 {No problem! There is time 
enough.}  7.c5 Ne4 8.a3 Nxc3 9.Nxc3 Bxc3+ 10.bxc3 
Nc6 11.Bd3 e5 12.O-O e4 13.Bc2 O-O 14.f3 f5 15.Bf4 
Be6 16.Rb1 Rf7 17.Qe2 Na5 18.a4 Nc4 19.Bb3 Na5 
20.Ba2 Rc8 21.Bd6 b6 22.fxe4 fxe4 23.Qxe4 dxe4 {it 
seems you've found a nich move-sequence to win a 
pawn, I think...}  24.Bxe6 {I just hope that it 
works.  ;-)}  bxc5 {cause I've a relative simple 
chess-programm, your last move not found. But I 
try to do my best}  25.Bxc5 Qd7 {so I expected. 
The best was found to give back my Queen}  26.d5 
Qxe6 27.dxe6 Rxf1+ 28.Kxf1 g6 29.Rb4 e3 {in this 
sotuation, I havn't a good continue (only a little 
bit better than Resign or 29. - Rxc5?)}  30.e7 Nc6 
31.Rf4 Nxe7 {Happy Easter for you and your 
family!}  32.Bxe7 {Thank you.  A very happy Easter 
season to you too.}  Rxc3 {Thank you too. Whereas 
in the game I can't find any good 
continuations...}  33.Rf8+ Kg7 
34.Bf6+ 1-0

[Event "HCL-B190"]
[Site "www.playchess.de"]
[Date "2001.04.20"]
[Round "26"]
[White "chesskidding"]
[Black "Pelikan"]
[WhiteElo "1348"]
[BlackElo "1417"]
[PlyCount "38"]
[Result "1/2-1/2"]

1.e4 {Hello and good luck from Wisconsin. Mike 
here..pleased to make your chess acquaintance!}  
c5 2.Nf3 d6 {Hello, my real rating is 1930, and 
you?}  3.d4 {I am about 1500 USCF.  Your record is 
quite impressive but your HCL rating seems too low 
to me.}  cxd4 {I wrote HCL rating too small 
because I want to play with beginning players 
:-))}  4.Nxd4 {That makes sense.. Don't make any 
difference to me...I learn more against stronger 
players.}  Nf6 5.Nc3 a6 6.Be2 e6 7.O-O Be7 8.Be3 
O-O 9.f4 Qc7 10.Qe1 Nc6 11.Kh1 b5 12.a3 Bb7 13.Bd3 
Nxd4 14.Bxd4 e5 15.Be3 Rac8 16.Qg3 Kh8 17.Rad1 Nh5 
18.Qh3 Nf6 19.Qg3 Nh5 1/2-1/2

[Event "HCL-B190"]
[Site "www.playchess.de"]
[Date "2001.04.20"]
[Round "27"]
[White "Pelikan"]
[Black "Gruhni"]
[WhiteElo "1417"]
[BlackElo "1313"]
[PlyCount "93"]
[Result "1-0"]

1.e4 e5 2.Nf3 Nc6 3.Bc4 Nf6 4.Nc3 Nxe4 5.Bxf7+ 
Kxf7 6.Nxe4 d6 7.O-O Be7 8.d4 Bg4 9.Bg5 Rf8 
10.Bxe7 Kxe7 11.Qd2 Kd7 12.dxe5 Bxf3 13.Nc5+ Kc8 
14.Ne6 Qe7 15.Nxf8 Qxf8 16.gxf3 Nxe5 17.Qe3 Nxf3+ 
18.Kg2 Nh4+ 19.Kh1 Kd7 20.Rae1 Qf3+ 21.Qxf3 Nxf3 
22.Re3 Ne5 23.b3 Rf8 24.Kg2 g5 25.Rd1 Ng6 26.c4 b6 
27.Kf1 Re8 28.Rxe8 Kxe8 29.Ke2 Ne5 30.Rg1 h6 31.h4 
g4 32.h5 Kf7 33.Ke3 Kf6 34.Ke4 Ke6 35.a4 a5 36.Rg3 
c6 37.Re3 Kf6 38.Rg3 Ke6 39.Rg1 Kf6 40.Rd1 Nf7 
41.Kf4 g3 42.fxg3 Ke6 43.g4 Ne5 44.g5 hxg5+ 
45.Kxg5 Nf7+ 46.Kg6 Ne5+ 47.Kg7 1-0

[Event "HCL-E031"]
[Site "www.playchess.de"]
[Date "2001.04.20"]
[Round "22"]
[White "klypp"]
[Black "magus"]
[WhiteElo "2132"]
[BlackElo "2000"]
[PlyCount "27"]
[Result "1-0"]

1.e4 Nf6 2.e5 Nd5 3.c4 Nb6 4.c5 Nd5 5.Nc3 Nxc3 
6.dxc3 Nc6 7.Nf3 e6 8.Be3 b6 9.cxb6 axb6 10.Bd3 
Bb7 11.O-O Be7 12.Re1 O-O 13.Qc2 g6 
14.a3 1-0

[Event "HCL-E031"]
[Site "www.playchess.de"]
[Date "2001.04.20"]
[Round "25"]
[White "magus"]
[Black "Sith"]
[WhiteElo "2000"]
[BlackElo "2000"]
[PlyCount "38"]
[Result "0-1"]

1.e4 e6 2.d4 d5 3.Nc3 Bb4 4.e5 c5 5.a3 Ba5 6.b4 
cxd4 7.Nb5 Bc7 8.f4 Bd7 9.Nf3 {Excuse me for the 
delay!}  Bxb5 10.Bxb5+ Nd7 11.O-O Ne7 12.Nxd4 O-O 
13.Bd3 g6 14.Bb2 Nb6 15.Qf3 Na4 16.Bc1 Bb6 17.Be3 
Nb2 18.a4 a6 19.a5 Ba7 0-1

[Event "HCL-B196"]
[Site "www.playchess.de"]
[Date "2001.04.20"]
[Round "6"]
[White "Jeff_Foster"]
[Black "hal9000"]
[WhiteElo "1478"]
[BlackElo "1200"]
[PlyCount "40"]
[Result "0-1"]

1.d4 Nf6 2.c4 g6 3.Nc3 Bg7 4.e4 O-O 5.f4 d6 6.Nf3 
c5 7.d5 e6 8.Be2 Re8 9.e5 dxe5 10.Nxe5 exd5 
11.Nxd5 Nxd5 12.cxd5 Qh4+ 13.g3 Qd8 14.O-O {I 
think we can safely say I haven't come out of the 
opening well :)}  Bh3 {:) a bit open around your 
king yes..}  15.Rf2 Nd7 16.Nf3 Nf6 17.d6 Ne4 
18.Bc4 Nxf2 19.Kxf2 Qd7 20.Ng5 
Bd4+ 0-1

[Event "HCL-B202"]
[Site "www.playchess.de"]
[Date "2001.04.20"]
[Round "23"]
[White "uneek"]
[Black "Pietros"]
[WhiteElo "1191"]
[BlackElo "1290"]
[PlyCount "69"]
[Result "1-0"]

1.d4 {Hello and a virtual handshake!}  d5 2.Nf3 
Nc6 3.e3 Nf6 4.Bd3 Bg4 5.c4 e6 6.Nbd2 Bb4 7.O-O 
O-O 8.h3 Bxd2 9.Bxd2 Bxf3 10.Qxf3 dxc4 11.Bxc4 a6 
12.Rac1 e5 13.Rfd1 exd4 14.Bc3 Ne5 15.Qxb7 Nxc4 
16.Bxd4 Nd6 17.Qxc7 Qxc7 18.Rxc7 Rfc8 19.Rxc8+ 
Rxc8 20.Bxf6 gxf6 21.Rxd6 a5 22.Rxf6 Rc1+ 23.Kh2 
Ra1 24.a3 Rb1 25.Ra6 Rxb2 26.f3 Rb5 27.Kg3 Kg7 
28.e4 f6 29.h4 Kg6 30.Kf4 Kh5 31.Rxf6 Kxh4 32.Rh6+ 
Rh5 33.Rxh5+ Kxh5 34.Kf5 Kh6 35.Kf6 1-0

[Event "HCL-B211"]
[Site "www.playchess.de"]
[Date "2001.04.20"]
[Round "8"]
[White "Juice"]
[Black "Torenvalk"]
[WhiteElo "1591"]
[BlackElo "1646"]
[PlyCount "57"]
[Result "1-0"]

1.e4 e5 {good luck.}  2.Nf3 {Thanks, you too.}  
Nc6 3.Bb5 a6 4.Bxc6 dxc6 5.Nc3 f6 6.d4 exd4 7.Qxd4 
Qxd4 8.Nxd4 c5 9.Nde2 Bd6 10.Nd5 c6 11.Nb6 Rb8 
12.Nxc8 Rxc8 13.Be3 Ne7 14.O-O-O Rd8 15.Rd2 O-O 
16.Rhd1 Ng6 17.R2xd6 Rxd6 18.Rxd6 Ne5 19.Bxc5 Nc4 
20.Rd7 Re8 21.f3 f5 22.Ng3 b6 23.Bd4 c5 24.Bc3 g6 
25.exf5 b5 26.Ne4 Rb8 27.f6 Rb6 28.Ng5 b4 
29.Rd8+ 1-0